000 01075nam a22003017a 4500
003 CHAP
005 20220329140042.0
008 971013s1979 r 10010 d
010 _a46270
011 _a47242
035 _a51384
040 _cCHAP
082 _a338.1
_bR4r 1979
111 0 0 _aReunión Nacional de Delegados y Subdelegados de Economía Agrícola (
_n6
_d: 1979
_c: México, D. F.)
_996461
245 _aReseña
260 _aMéxico, D. F. :
_bSecretaría de Agricultura y Recursos Hidráulicos,
_c1979
300 _a31 p.
590 _aBATCH-UPD
_b10
_c20130110
_lUCH01
_h1828
590 _aBATCH-UPD
_b10
_c20130410
_lUCH01
_h1200
590 _aBATCH-UPD
_b10
_c20130914
_lUCH01
_h2002
590 _aCONVERSION
_b10
_c20130109
_lUCH01
_h1325
650 1 4 _aAgricultura
_xAspectos economicos
_xCongresos.
_91234
650 1 4 _aAgricultura
_xAspectos economicos
_zMexico.
_91312
901 _aBK
942 _cLIBRO
949 _a338.1 R4r 1979
_bBC
_cLIBRO
_d-114988
_eLIBRO
_h49172
_i51384
_si
949 _a338.1 R4r 1979
_bBC
_cLIBRO
_d-114991
_eLIBRO
_fc.4
_h70179
_i51384
_si
999 _c46270
_d46270